000 00339 a2200157 4500
001 190505
020 _a0-521-77533-7
040 _cMagnum
100 _aHancock, Penny
240 1 0 _aJust good friends
_lING
245 1 0 _aJust good friends
300 _a64
362 0 _a1999
697 _aLITERATURA JUVENIL ESTRANGEIRA
942 _cBK
999 _c190505
_d190505